000 00743nam a2200241 i 4500
001 C2-0132275
003 PPAK
005 20180727122829.0
008 971021s xx |||| ||||| | may d
040 _aPPAK
_beng
_cPPAK
_erda
082 0 4 _a297.55
_223
090 0 0 _a297.55
_bKHO
_dKIH
100 0 _aKhomeini,
_cImam
_eauthor
245 1 0 _aPesan haji
264 1 _a[place of publication not identified] :
_b[publisher not identified] ,
_c[date of publication not identified]
300 _a49 pages ;
_c21 cm
336 _2rdacontent
_atext
337 _2rdamedia
_aunmediated
338 _2rdacarrier
_avolume
500 _aDisampaikan pada 4 Zulhijah 1407/ 31 Julai 1987
650 1 0 _aMuslim pilgrims and pilgrimages
942 _ddc
_cB
999 _c41314
_d41314